LDR 00942naa#a2200205#i#450# 001 RU\\bibl\121275 005 20260502020057.6 011 ## _a1994-4683 100 ## _a20230803b2023####ek#y0rusy0150####ca 102 ## _aRU 200 1# _aСОСТОЯНИЕ ПРОБЛЕМЫ ОБУЧЕНИЯ ДЕВОЧЕК ТЕХНИКЕ ИГРЫ В ПЛЯЖНОМ ФУТБОЛЕ И ВОЗМОЖНЫЕ ПУТИ ЕЁ РЕШЕНИЯ _eЖурнальная статья 210 1# _aМосква _cНациональный государственный Университет физической культуры, спорта и здоровья им. П.Ф. Лесгафта _d2023 215 ## _a5 с. 608 ## _aЖурнальная статья _2local 675 ## _aФутбол. 796.332 _z 700 #1 _aЕрмакова _gА М 700 #1 _aЗолотарев _gА П 700 #1 _aГакаме _gР З 700 #1 _aЧеркасов _gО В 856 4# _auchzapiski.lesgaft.spb.ru _u